総延長が50km以上の鉄道事業者サドンデス - Statistics

General Stats
  • This quiz has been taken 239 times
  • The average score is 3 of 15
Answers on the Grid
Answers color-coded by a green-red scale on the quiz's grid according to % correct below.
札幌市営地下鉄
道南いさりび鉄道
阿武隈急行
会津鉄道
関東鉄道
鹿島臨海鉄道
真岡鐵道
わたらせ渓谷鐵道
首都圏新都市鉄道
相模鉄道
横浜市営地下鉄
北越急行
えちぜん鉄道
伊豆急行
大井川鐵道
愛知環状鉄道
養老鉄道
近江鉄道
三岐鉄道
阪神電気鉄道
山陽電気鉄道
神戸市営地下鉄
智頭急行
一畑電車
井原鉄道
広島電鉄
高松琴平電気鉄道
伊予鉄道
平成筑豊鉄道
島原鉄道
 
Answer Stats
Answer % Correct
首都圏新都市鉄道
47%
阿武隈急行
35%
北越急行
29%
大井川鐵道
28%
会津鉄道
27%
関東鉄道
27%
鹿島臨海鉄道
23%
山陽電気鉄道
23%
横浜市営地下鉄
22%
智頭急行
22%
高松琴平電気鉄道
19%
近江鉄道
14%
養老鉄道
10%
平成筑豊鉄道
9%
えちぜん鉄道
8%
No matching quizzes found
Score Distribution
Percent of People with Each Score
Percentile by Number Answered
Your Score History
You have not taken this quiz